| 000 | 00348nam a2200145Ia 4500 | ||
|---|---|---|---|
| 008 | 191201s2011 xx 000 0 und d | ||
| 082 |
_a658.5 _bROE |
||
| 100 | _aROBBINS,Stephen P | ||
| 245 | 0 | _aEssentials of Organizational Behavior | |
| 250 | _aIMP | ||
| 260 |
_aN. delhi _bpearson _c2011 |
||
| 300 | _a327 | ||
| 650 | _aMBA | ||
| 942 |
_2ddc _cBK _03 |
||
| 999 |
_c5370 _d5370 |
||